Normal view
MARC view
Entry Personal Name
001 - CONTROL NUMBER
- control field: 349560
003 - CONTROL NUMBER IDENTIFIER
- control field: OSt
005 - DATE AND TIME OF LATEST TRANSACTION
- control field: 20220926044926.0
008 - FIXED-LENGTH DATA ELEMENTS
- fixed length control field: 220926|| aca||aabn | a|a d
040 ## - CATALOGING SOURCE
- Original cataloging agency: OSt
- Transcribing agency: OSt
100 ## - HEADING--PERSONAL NAME
- Personal name: India, Maharashtra-Mysore-Kerala Boundry Dispute ( commission on--). ( 1967) (Chairman: Mahar Chand Mahajan)
670 ## - SOURCE DATA FOUND
- Source citation: Work cat.: (OSt)676172: India, Maharashtra-Mysore-Kerala Boundry Dispute ( commission on--). ( 1967) (Chairman: Mahar Chand Mahajan) 349559, Report.2V
